Αποθηκεύτηκε σε:
Λεπτομέρειες βιβλιογραφικής εγγραφής
Συγγραφή απο Οργανισμό/Αρχή: Wydawnictwo Greg
Άλλοι συγγραφείς: (filolo¿ơka) (Opracowanie), Ludwikowska, Jolanta (1962- ) (Opracowanie)
Μορφή: Ηλεκτρονική πηγή
Γλώσσα:Πολωνικά
Έκδοση: Krak©đw : Wydawnictwo Greg, 2005.
Σειρά:Lektura (Greg)
Θέματα:
Ετικέτες: Προσθήκη ετικέτας
Δεν υπάρχουν, Καταχωρήστε ετικέτα πρώτοι!

MARC

LEADER 00000am|aa2200000i||4500
001 991024241069705066
005 20260515140227.0
008 260426t pl ||||| |||| 00| u pol d
020 |a 9788373271739 
035 |a 991024241069705066 
035 |a (PL-WaBN)b59367453-48omnis_nlop 
035 |a b59367453 
035 |a (OCoLC)802051050 
035 |a (PL)b0000005936745 
035 |a (EXLNZ-48OMNIS_NETWORK)9910465532305606 
040 |a WA N  |c WA N  |d WA N 
080 |a 821.162.1-3 
080 |a 821.162.1(091)-3"19" 
080 |a (075.3-021.66) 
090 |c 79  |d 78 
245 1 0
260 |a Krak©đw :  |b Wydawnictwo Greg,  |c 2005. 
300 |a [2], 710 stron :  |b ilustracje ;  |c 21 cm. 
490 1 |a Lektur z Opracowaniem 
500
504 |a Indeks. 
600 1 7 |d (1867-1925). 
650 7
650 7
650 7 |a Literatura polska 
650 7
650 7
651 7
700 1 |c (filolo¿ơka)  |e Opracowanie 
700 1 |e Opracowanie 
700 1 |a Ludwikowska, Jolanta  |d (1962- )  |e Ilustracje 
710 2 |a Wydawnictwo Greg 
830 0 |a Lektura (Greg) 
920 |a 978-83-7327-173-9 
942 |c K 
952 |0 0  |1 0  |4 0  |6 R__60_000000000000000  |7 0  |9 77  |a RYT  |b RYT  |d 2026-04-26  |e 1/2026  |g 10.00  |l 0  |o R.60  |p 2000000000602  |r 2026-05-15 14:02:27  |w 2026-05-15  |y BK  |z da 
999 |c 77  |d 77